00429nam a22001457a 4500003000500000005001700005008004100022020001800063040000900081082001600090100004600106245007900152260002600231650002600257CEME20210628204119.0210106b xxu||||| |||| 00| 0 eng d a9781849964524 cceme a629.836 STE aStefanovic, Margareta, Safonov, Michael G aSafe adaptive control, data-driven stability analysis and robust synthesis aINDIAbSPRINGERc2011 aSAFE ADAPTIVE CONTROL